Arts Logistics
Salvato in:
| Autore principale: | |
|---|---|
| Natura: | Libro |
| Lingua: | ceco |
| Pubblicazione: |
Praha
Vysoká škola ekonomická v Praze. Nakladatelství Oeconomica
2008
|
| Soggetti: | |
| Tags: |
Nessun Tag, puoi essere il primo ad aggiungerne!!
|
MARC
| LEADER | 00000nam a2200000 4500 | ||
|---|---|---|---|
| 001 | 0135476 | ||
| 005 | 20220928100355.7 | ||
| 020 | |a 978-80-245-1412-3 | ||
| 041 | 0 | |a cze | |
| 044 | |a CZ | ||
| 245 | 1 | 0 | |a Arts Logistics |c Petr Pernica a kolektiv |
| 264 | 1 | |a Praha |b Vysoká škola ekonomická v Praze. Nakladatelství Oeconomica |c 2008 | |
| 300 | |a 425 s. | ||
| 610 | 2 | 0 | |a logistika |
| 610 | 2 | 0 | |a infraštruktúra |
| 610 | 2 | 0 | |a politika dopravná |
| 610 | 2 | 0 | |a paradigma |
| 610 | 2 | 0 | |a služby logistické |
| 610 | 2 | 0 | |a kultúra |
| 610 | 2 | 0 | |a šport |
| 610 | 2 | 0 | |a mestá |
| 610 | 2 | 0 | |a štúdie prípadové |
| 100 | 1 | |a Pernica, Petr | |